Automatizácia výpočtov Systémy programov na riešenie optimalizačných úloh

Guardado en:
Detalles Bibliográficos
Autor principal: Klučárová, Mária
Autor Corporativo: Vysoká škola ekonomická v Bratislave. Fakulta riadenia
Formato: Libro
Lenguaje:eslovaco
Publicado: Bratislava VŠE 1988
Edición:2. vyd.
Etiquetas: Agregar Etiqueta
Sin Etiquetas, Sea el primero en etiquetar este registro!

MARC

LEADER 00000nam a2200000 4500
001 c025743
005 20230116091956.7
041 0 |a slo 
044 |a SK 
245 1 0 |a Automatizácia výpočtov  |b Systémy programov na riešenie optimalizačných úloh  |c Mária Klučárová 
250 |a 2. vyd. 
264 1 |a Bratislava  |b VŠE  |c 1988 
300 |a 152 s. 
100 1 |a Klučárová, Mária 
710 2 |a Vysoká škola ekonomická v Bratislave. Fakulta riadenia